| 000 | 00774nam a22002174a 4500 | ||
|---|---|---|---|
| 008 | 080407s2006 spco o000 0 cat|| | ||
| 017 |
_a1316-2006 _bOficina Dipòsit Legal Girona |
||
| 020 | _a8493343463 | ||
| 040 |
_aES-BaSLP _bcat _cES-BaSLP |
||
| 043 |
_ae-sp--- _be-spg-- _2catmarc |
||
| 080 | _a070(467.13) | ||
| 100 | 1 |
_aCargol, Salvador, _d1967- |
|
| 245 | 1 | 0 |
_aFabricants de notícies : _bperiodisme i canvi tecnológic a Girona / _cSalvador Cargol |
| 260 |
_aGirona : _bCol·legi de Periodistes de Girona, _cDL 2006. |
||
| 300 |
_a147 p. : _bil. ; _c24 cm. |
||
| 490 | 1 |
_aPapers de comunicació ; _v5 |
|
| 650 | 4 |
_aPeriodisme _zGirona (Província) _xHistòria |
|
| 710 | 1 |
_aGirona (Província). _bDiputació |
|
| 830 | 0 |
_aPapers de comunicació ; _v5 |
|
| 909 | _aggagbt | ||
| 999 |
_c6859 _d6859 |
||